000 00677nam a2200229Ia 4500
003 OSt
005 20220925215957.0
006 a|||||r|||| 00| 0
007 ta
008 220923b |||||||| |||| 00| 0 eng d
037 _cGeneral Book
040 _aRTL
_cRTL
_beng
041 _2eng
_aeng
082 _aX.3.N80, M1
100 _aAaronovitch Sam
_9283937
245 0 _aRoad from Thateherism
_b The alternative economic strategy
260 _aLondon
_bLawrence and Wishart
_c1981
300 _a138p.
_ccm.
650 _aEconomic Conditions Great Britain
_9232317
942 _hX.3.N80, M1
_cGB
_2CC
999 _c570226
_d570226